[Event "CZE-chT2A 1112"]
[Site "Czech Republic"]
[Date "2012.03.25"]
[Round "10"]
[White "Blecha, Miroslav"]
[Black "Vasicek, Martin"]
[Result "0-1"]
[WhiteElo "2235"]
[BlackElo "2152"]
[PlyCount "118"]
[EventDate "2011.10.09"]
[EventType "team-tourn"]
[EventRounds "11"]
[EventCountry "CZE"]
[SourceTitle "EXT 2013"]
[Source "ChessBase"]
[SourceDate "2012.11.22"]
[SourceVersion "1"]
[SourceVersionDate "2012.11.22"]
[SourceQuality "1"]
[WhiteTeam "Plzen Letna"]
[BlackTeam "Domazlice"]
[WhiteTeamCountry "CZE"]
[BlackTeamCountry "CZE"]

1. d4 Nf6 2. Bg5 e6 3. Nf3 Be7 4. Nc3 d5 5. e3 Nbd7 6. Bd3 c5 7. 0-0 0-0 8. b3 b6 9. Ne2 Bb7 10. Ng3 Rc8 11. c3 Ne4 12. Bxe7 Qxe7 13. Bxe4 dxe4 14. Nd2 cxd4 15. cxd4 Nf6 16. Nc4 Ba6 17. Rc1 Rc7 18. Qd2 Rfc8 19. h3 Bxc4 20. bxc4 Rxc4 21. Rxc4 Rxc4 22. Rc1 Qc7 23. Rxc4 Qxc4 24. Qe2 Qxe2 25. Nxe2 Nd5 26. Kf1 Kf8 27. Ke1 Ke7 28. Kd2 Kd7 29. Kc2 Nb4+ 30. Kc3 Nd5+ 31. Kc4 Kc6 32. Ng3 b5+ 33. Kb3 f5 34. Ne2 a5 35. a3 a4+ 36. Kc2 b4 37. axb4 Nxb4+ 38. Kc3 Kb5 39. f3 Nd5+ 40. Kb2 exf3 41. gxf3 Nxe3 42. Nf4 Kc4 43. Nxe6 g6 44. Nf8 Kxd4 45. Nxh7 Nd5 46. Ka3 Ke3 47. Ng5 Kf4 48. h4 Kg3 49. Kxa4 Kxh4 50. Ne6 Kg3 51. Nd4 f4 52. Kb3 Ne3 53. Kc3 Nf5 54. Nc6 Nh4 55. Ne5 g5 56. Kd3 Nxf3 57. Nf7 g4 58. Nd6 Ng5 59. Nf5+ Kf2 0-1

[Event "CZE-chT2A 1112"]
[Site "Czech Republic"]
[Date "2012.01.22"]
[Round "6"]
[White "Blecha, Miroslav"]
[Black "Meszaros, Ludek"]
[Result "1/2-1/2"]
[WhiteElo "2235"]
[BlackElo "2158"]
[PlyCount "61"]
[EventDate "2011.10.09"]
[EventType "team-tourn"]
[EventRounds "11"]
[EventCountry "CZE"]
[SourceTitle "EXT 2013"]
[Source "ChessBase"]
[SourceDate "2012.11.22"]
[SourceVersion "1"]
[SourceVersionDate "2012.11.22"]
[SourceQuality "1"]
[WhiteTeam "Plzen Letna"]
[BlackTeam "Tabor Sokol"]
[WhiteTeamCountry "CZE"]
[BlackTeamCountry "CZE"]

1. e4 e5 2. Nf3 Nc6 3. Bb5 a6 4. Ba4 Nf6 5. 0-0 Be7 6. Re1 b5 7. Bb3 d6 8. c3 0-0 9. h3 Na5 10. Bc2 c5 11. d4 Nd7 12. Nbd2 exd4 13. cxd4 Nc6 14. d5 Nce5 15. Nxe5 Nxe5 16. f4 Ng6 17. Nf3 Bh4 18. Nxh4 Qxh4 19. f5 Ne5 20. Rf1 Qf6 21. Qh5 Nc4 22. Rf4 Ra7 23. Rh4 h6 24. Rb1 Qd4+ 25. Kh1 f6 26. Bxh6 gxh6 27. Rg4+ Rg7 28. Rxg7+ Kxg7 29. Qg6+ Kh8 30. Qxh6+ Kg8 31. Qg6+ 1/2-1/2

[Event "Plzen op 3rd"]
[Site "Plzen"]
[Date "2011.11.25"]
[Round "8"]
[White "Kozak, Milos"]
[Black "Blecha, Miroslav"]
[Result "1/2-1/2"]
[WhiteElo "2192"]
[BlackElo "2235"]
[PlyCount "89"]
[EventDate "2011.11.19"]
[EventType "swiss"]
[EventRounds "9"]
[EventCountry "CZE"]
[SourceTitle "CBM 145 Extra"]
[Source "ChessBase"]
[SourceDate "2012.01.03"]
[SourceVersion "1"]
[SourceVersionDate "2012.01.03"]
[SourceQuality "1"]

1. Nf3 Nf6 2. c4 e6 3. Nc3 Bb4 4. Qc2 0-0 5. a3 Bxc3 6. Qxc3 b6 7. b4 Bb7 8. Bb2 d6 9. e3 Nbd7 10. Be2 c5 11. d3 Rc8 12. 0-0 e5 13. Rfd1 Qe7 14. b5 Rfe8 15. Nd2 Nf8 16. Bf3 Ne6 17. Bxb7 Qxb7 18. Ne4 Qe7 19. Nxf6+ Qxf6 20. Rf1 Qh6 21. Qd2 Rc7 22. f4 f6 23. Rf2 Rce7 24. f5 Ng5 25. e4 g6 26. Rd1 gxf5 27. Rxf5 Rg7 28. Kh1 Rg6 29. Qf2 Ne6 30. Bc1 Qg7 31. Rf1 Rf8 32. Be3 Kh8 33. Rh5 Rg8 34. g3 Rf8 35. Qf5 Qf7 36. Qh3 Nd4 37. Bxd4 cxd4 38. Rff5 Kg8 39. Rh4 Rg5 40. Rg4 Rxg4 41. Qxg4+ Qg6 42. Qh4 Kg7 43. Kg2 a6 44. a4 axb5 45. axb5 1/2-1/2

[Event "Plzen op 3rd"]
[Site "Plzen"]
[Date "2011.11.22"]
[Round "4"]
[White "Blecha, Miroslav"]
[Black "Kourousis, Epaminondas"]
[Result "1-0"]
[WhiteElo "2235"]
[BlackElo "2277"]
[PlyCount "127"]
[EventDate "2011.11.19"]
[EventType "swiss"]
[EventRounds "9"]
[EventCountry "CZE"]
[SourceTitle "CBM 145 Extra"]
[Source "ChessBase"]
[SourceDate "2012.01.03"]
[SourceVersion "1"]
[SourceVersionDate "2012.01.03"]
[SourceQuality "1"]

1. e4 c6 2. d4 d5 3. Nc3 dxe4 4. Nxe4 Bf5 5. Ng3 Bg6 6. h4 h6 7. Nf3 e6 8. Ne5 Bh7 9. Bd3 Bxd3 10. Qxd3 Nd7 11. f4 Bb4+ 12. Bd2 Bxd2+ 13. Qxd2 Ne7 14. 0-0-0 Nxe5 15. fxe5 Qd5 16. b3 c5 17. dxc5 Qxd2+ 18. Rxd2 Ng6 19. Ne4 Ke7 20. Nd6 Nxe5 21. Nxb7 Rhc8 22. Re1 f6 23. b4 Nc4 24. Rd4 Rab8 25. Rxc4 Rxb7 26. Rd1 Rcc7 27. a4 a6 28. Rd6 a5 29. b5 Rxc5 30. Rxe6+ Kxe6 31. Rxc5 g5 32. hxg5 hxg5 33. Kd2 Rh7 34. Ke3 Rh1 35. Rc6+ Ke5 36. Rc3 Kd6 37. Rb3 Kc7 38. c4 Ra1 39. c5 Rxa4 40. b6+ Kb8 41. Kd3 Rg4 42. Rb2 f5 43. Re2 Kb7 44. Re7+ Kc6 45. Rc7+ Kd5 46. b7 Rg3+ 47. Kc2 Rxg2+ 48. Kd1 Rg1+ 49. Ke2 Rg2+ 50. Kf1 Rb2 51. c6 Kd6 52. Rc8 g4 53. b8Q+ Rxb8 54. Rxb8 Kxc6 55. Rf8 Kc5 56. Rxf5+ Kb4 57. Ke1 a4 58. Kd1 Kb3 59. Kc1 Ka2 60. Rf2+ Ka1 61. Kc2 Ka2 62. Rg2 a3 63. Rg3 Ka1 64. Rxa3# 1-0

[Event "Plzen op 3rd"]
[Site "Plzen"]
[Date "2011.11.22"]
[Round "5"]
[White "Piankov, Evgenij"]
[Black "Blecha, Miroslav"]
[Result "1-0"]
[WhiteElo "2356"]
[BlackElo "2235"]
[PlyCount "109"]
[EventDate "2011.11.19"]
[EventType "swiss"]
[EventRounds "9"]
[EventCountry "CZE"]
[SourceTitle "CBM 145 Extra"]
[Source "ChessBase"]
[SourceDate "2012.01.03"]
[SourceVersion "1"]
[SourceVersionDate "2012.01.03"]
[SourceQuality "1"]

1. f4 d5 2. Nf3 Nf6 3. e3 e6 4. d4 c5 5. c3 Nbd7 6. Bd3 b6 7. 0-0 Bb7 8. Ne5 Qc7 9. Nd2 c4 10. Bc2 Nxe5 11. fxe5 Ng8 12. e4 0-0-0 13. exd5 Bxd5 14. Be4 f6 15. Bxd5 exd5 16. Nf3 Re8 17. Bf4 Qd7 18. b3 Ne7 19. bxc4 Ng6 20. Bg3 dxc4 21. Re1 fxe5 22. Nxe5 Nxe5 23. Bxe5 Bd6 24. Qf3 Bb8 25. Qg3 Bxe5 26. dxe5 Rhf8 27. Rad1 Qc7 28. Rd4 Kb8 29. h3 Rf5 30. Rde4 g6 31. Qe3 Re6 32. Qd4 b5 33. a4 bxa4 34. Qd5 Rc6 35. Rb1+ Rb6 36. Rd1 Qe7 37. Rxc4 a3 38. Rc5 a2 39. Ra5 Rb1 40. Rb5+ Rxb5 41. Qxb5+ Kc7 42. Qc4+ Kb8 43. Qb3+ Kc8 44. Qxa2 Rxe5 45. Qa6+ Kc7 46. Qxa7+ Kc6 47. Qa4+ Kc7 48. Qf4 Kc6 49. Kh2 Re4 50. Qf1 Qe5+ 51. Kh1 Re3 52. Qa6+ Kc5 53. Qa7+ Kc6 54. Qd7+ Kc5 55. Qc8+ 1-0